| 000 | 00000nam##2200000za#4500 |
| 001 | 9.573656 |
| 003 | CaOODSP |
| 005 | 20210624183814 |
| 007 | cr ||||||||||| |
| 008 | 150406|2004||||xxc|||||o f|0| 0 eng|d |
| 040 | |aCaOODSP|beng |
| 043 | |an-cn--- |
| 086 | 1 |aT41-1/22E-PDF |
| 110 | 1 |aCanada. |bTransport Canada. |
| 245 | 10|aIntelligent transportation systems in 98 B-Line rapid bus service : |h[electronic resource]|badvanced technology at work |
| 260 | |aOttawa - Ontario : |bTransport Canada |cJuly 2004. |
| 300 | |a5p.|bmaps, photographs |
| 490 | 1 |aCase studies in sustainable transportation|vCase study 22 |
| 500 | |aAt head of title: Urban Transporation Showcase Program. "Greater Vancouver, British Columbia". |
| 590 | |a12-20-Supp|b2012-05-09 |
| 775 | 08|tSystèmes de transport intelligents adaptés à la ligne B-98 de service rapide d'autobus : |w(CaOODSP)9.603756 |
| 830 | #0|aCase studies in sustainable transportation ;|vCase study 22|w(CaOODSP)9.506851 |
| 856 | 40|ahttp://publications.gc.ca|qPDF|s304 KB|uhttps://publications.gc.ca/collections/collection_2012/tc/T41-1-22-eng.pdf|yCase study 22 |
| 986 | |aTP14267E |